000
00234 a2200097 4500
001
46282
100
_a
Chapin, W
245
_a
The Asian balance of power
260
_a
London
_b
Institute for Strategic Studies
_c
090
_c
29392
_d
29392
942
_a
NUST-CAE
_c
_c
21549
999
_c
281355
_d
281355